Rappers of the 50 Most Streamed Rap Songs on Spotify - Statistics

General Stats
  • This quiz has been taken 6,325 times
    5,449 since last reset
  • The average score is 44 of 51
Answer Stats
Position Song Name Rapper(s) % Correct
3 One Dance Drake
99%
4 God's Plan Drake
99%
39 In My Feelings Drake
99%
48 Hotline Bling Drake
99%
12 Lose Yourself Eminem
98%
20 Till I Collapse Eminem
98%
22 Without Me Eminem
98%
30 The Real Slim Shady Eminem
98%
50 Mockingbird Eminem
98%
47 Love The Way You Lie Eminem & Rihanna
98%
13 Industry Baby Lil Nas X & Jack Harlow
97%
6 Circles Post Malone
97%
14 Better Now Post Malone
97%
27 WOW. Post Malone
97%
11 HUMBLE. Kendrick Lamar
96%
17 Montero Lil Nas X
96%
28 Old Town Road Lil Nas X & Billy Ray Cyrus
96%
2 Rockstar Post Malone & 21 Savage
96%
1 Sunflower Post Malone & Swae Lee
96%
5 SAD! XXXTENTACION
96%
8 Jocelyn Flores XXXTENTACION
96%
21 Moonlight XXXTENTACION
96%
34 Everybody Dies In Their Nightmares XXXTENTACION
96%
41 Changes XXXTENTACION
96%
42 Look At Me! XXXTENTACION
96%
35 Fuck Love XXXTENTACION & Trippie Redd
96%
5 Lucid Dreams Juice WRLD
95%
37 All The Girls Are The Same Juice WRLD
95%
15 Congratulations Post Malone & Quavo
95%
29 Psycho Post Malone & Ty Dolla Sign
95%
33 Highest In The Room Travis Scott
95%
7 Goosebumps Travis Scott & Kendrick Lamar
95%
40 All the Stars Kendrick Lamar & SZA
89%
10 XO TOUR LLIF3 Lil Uzi Vert
87%
31 Mask Off Future
85%
16 No Role Modelz J Cole
85%
25 Rockstar Dababy & Roddy Rich
84%
46 Young, Wild and Free Snoop Dogg & Wiz Khalifa & Bruno Mars
84%
23 The Box Roddy Rich
81%
45 Ric Flair Drip 21 Savage & Offset & Metro Boomin
76%
43 Drip Too Hard Lil Baby & Gunna
73%
36 Gangsta's Paradise Coolio & LV
70%
9 Can't Hold Us Macklemore & Ryan Lewis & Ray Dalton
68%
24 See You Again Wiz Khalifa & Charlie Puth
65%
49 Lemonade Internet Money & Don Toliver & Gunna & Nav
61%
44 Taste Tyga & Offset
61%
18 Unforgettable French Montana & Swae Lee
60%
26 I Like It Cardi B & Bad Bunny & J Balvin
53%
19 Mood 24K Goldn & Iann Dior
45%
32 Roxanne Arizona Zervas
37%
38 Let You Down NF
33%
No matching quizzes found
Score Distribution
Percent of People with Each Score
Percentile by Number Answered
Your Score History
You have not taken this quiz since the last reset